Statistiques concernant Quiz mythologique: Poséidon.

Cliquez ici pour prendre le quiz!

Statistiques générales

  • Ce quiz a été pris 212 fois
  • Le résultat moyen est 10 sur 14

Statistiques - réponses

QuestionsRéponses% Correct
De quoi Poséidon est-il le dieu?Dieu de la mer
97%
Quel est son principal attribut?Trident
92%
PèreCronos
91%
Nom romainNeptune
91%
Quel animal le symbolise?Cheval | Dauphin | Taureau
78%
MèreRhéa
78%
Selon certains mythes, il serait le père de ce héros qui a combattu dans un labyrinthe.Thésée
71%
De quel côté se range-t-il lors de la guerre de Troie?Grec
67%
Pour se faire consacrer quelle ville Poséidon offre-t-il le premier cheval aux hommes?Athènes
60%
Quel roi refusa de sacrifier un taureau à Poséidon et vit, en représailles, se femme accoucher du Minotaure.Minos
59%
Avec quel autre dieu Poséidon construit-il les murailles de Troie, en punition d'un complot contre Zeus?Apollon
54%
Lequel de ses fils a été rendu aveugle par Ulysse au cours de son Odyssée?Polyphème
49%
Lequel de ses fils a le rôle de messager des flots?Triton
41%
FemmeAmphitrite
36%

Distribution des résultats

Percentile par nombre de réponses

% des personnes avec chaque résultat

Votre développement - résultats

Vous n’avez pas pris ce quiz